Pays du monde en charade 2 - Statistiques

Statistiques générales
  • Ce quiz a été pris 1 256 fois
  • Le résultat moyen est 5 sur 10
Statistiques - réponses
Charade Réponse % Correct
Une souris sans H²O + nom en anglais Suriname
73%
Une personne stupide + aller en anglais Congo
64%
Lieux où l'on coupe du bois Syrie
58%
Première lettre de l'alphabet + ... Jacob + roman de Stephen King + u en anglais + diette sans oeufs Arabie Saoudite
57%
Comme un cochon + un tutu coupé en deux + France la femme du berger Portugal
57%
Le chef + maison de l'oiseau Bosnie
43%
Une personne drôle sans le train Bhoutan
40%
Pays préféré des lipophiles Grèce
32%
Pas haut + mouvement de résistance islamique Bahamas
29%
Pays où il ne fait pas bon à être un chat Iran
19%
Aucun quiz correspondant
Distribution des résultats
% des personnes avec chaque résultat
Percentile par nombre de réponses
Votre historique - résultats
Vous n’avez pas pris ce quiz